Pulse and seitching circuits / (Record no. 592069)
[ view plain ]
| 000 -LEADER | |
|---|---|
| fixed length control field | 00811nam a22001577a 4500 |
| 003 - CONTROL NUMBER IDENTIFIER | |
| control field | NUST |
| 005 - DATE AND TIME OF LATEST TRANSACTION | |
| control field | 20221028123728.0 |
| 082 ## - DEWEY DECIMAL CLASSIFICATION NUMBER | |
| Classification number | 621.317,KET |
| 100 ## - MAIN ENTRY--PERSONAL NAME | |
| Personal name | Ketchum, Donald J. |
| 9 (RLIN) | 101617 |
| 245 ## - TITLE STATEMENT | |
| Title | Pulse and seitching circuits / |
| Statement of responsibility, etc. | Donald J. Ketchum |
| 260 ## - PUBLICATION, DISTRIBUTION, ETC. | |
| Place of publication, distribution, etc. | London |
| Name of publisher, distributor, etc. | McGraw Hill |
| Date of publication, distribution, etc. | 1965 |
| 300 ## - PHYSICAL DESCRIPTION | |
| Extent | 309 p |
| 505 ## - FORMATTED CONTENTS NOTE | |
| Formatted contents note | Waveforms (Page-1), Netwoks (Page-20), Resistance capacitance inductance (Page-34), Diode switching circuits (Page-56), Triode switches (Page-75), Bistable multivibrations (Page-109), Monostable and astable multivibrations (Page-140), Blocinking oscillators (Page-167), Basic sawtooth generators (Page-181), Gating circuits (Page-210), Delay circuits (Page-231), Special purpose circuits (Page-244), Applications (Page-257). |
| 650 ## - SUBJECT ADDED ENTRY--TOPICAL TERM | |
| Topical term or geographic name entry element | Switching circuits |
| 9 (RLIN) | 41481 |
| 942 ## - ADDED ENTRY ELEMENTS (KOHA) | |
| Source of classification or shelving scheme | |
| Koha item type | Book |
| Withdrawn status | Lost status | Source of classification or shelving scheme | Damaged status | Not for loan | Permanent Location | Current Location | Shelving location | Date acquired | Total Checkouts | Full call number | Barcode | Date last seen | Price effective from | Koha item type | Public note |
|---|---|---|---|---|---|---|---|---|---|---|---|---|---|---|---|
| Military College of Signals (MCS) | Military College of Signals (MCS) | General Stacks | 10/28/2022 | 621.317,KET | MCS5741 | 10/28/2022 | 10/28/2022 | Book | Almirah No.29, Shelf No.2 | ||||||
| Military College of Signals (MCS) | Military College of Signals (MCS) | General Stacks | 10/28/2022 | 621.317,KET | MCS5738 | 10/28/2022 | 10/28/2022 | Book | Almirah No.29, Shelf No.2 |
